000 01069nam a2200337 b 4500
001 0000614
003 DO-SdBPM
005 20251117093234.0
007 ta
008 0506171995 mx a spa
017 _a
_b
020 _a8420445479
035 _a
040 _aDO-SdBPM
_bspa
_cBPMSU
_e rda
082 4 _aI823.91
_bD131b 1995
_222
100 1 _aDahl, Roald,
_d1916-
_eautor
_4aut
245 1 0 _aBoy :
_b(relatos de infancia) /
_cRoald Dahl ; traducción Salustiano Masó
_h
264 _aMéxico :
_bSantillana ediciones generales,
_c1995
300 _a190 páginas ;
_c22 cm.
336 _atexto
_btxt
_2rdacontent
337 _asin mediación
_bn
_2rdamedia
338 _avolumen
_bnc
_2rdacarrier
500 _aIncluye datos biográficos del autor en la contracubierta
500 _a
534 _pTítulo original :
_tBoy. Tales of childhood.
590 _aInventariado, 2025/VM
650 7 _aCuentos juveniles ingleses.
700 1 _aMasó, Salustiano,
_etraductor
910 _aVMateo V. Control de calidad. BPMSU
942 _2ddc
_cBK
999 _c11191
_d11191